000 01623nam a2200409 i 4500
001 ELB51915
003 FlNmELB
006 m o d |
007 cr cnu||||||||
008 150302s1965 sp ob 000 0 spa d
020 _a9788472999961 (e-book)
035 _a(MiAaPQ)EBC3227092
035 _a(Au-PeEL)EBL3227092
035 _a(CaPaEBR)ebr11002484
035 _a(OCoLC)992078928
040 _aFINmELB
_bspa
_erda
_cFINmELB
050 4 _aKBU3510
_b.A473 1965
080 _a26
082 0 _a262.9
_223
100 1 _aálvarez Arias, Constantino.
245 1 3 _aLa monición canónica y pastoral :
_blíneas historicas, funciones y sistema en la legislación de la Iglesia /
_cConstantino álvarez Arias.
264 1 _aSalamanca :
_b[Universidad Pontificia de Salamanca],
_c1965.
300 _a1 recurso en línea (259 páginas)
336 _atexto
_btxt
_2rdacontent/spa
337 _acomputadora
_bc
_2rdamedia/spa
338 _arecurso en línea
_bcr
_2rdacarrier/spa
504 _aContiene bibliografía.
588 _aDescripción basada en recurso en línea; Título de la página del título en PDF (e-libro, visto March 02, 2015).
590 _aRecurso electrónico. Santa Fe, Arg.: e-libro, 2015. Disponible vía World Wide Web. El acceso puede estar limitado para las bibliotecas afiliadas a e-libro.
650 0 _aPunishment (Canon law)
650 0 _aCensures, Ecclesiastical.
650 4 _aSanción (Derecho Canónico)
650 4 _aCensura eclesiástica.
655 4 _aLibros electrónicos.
797 2 _ae-libro, Corp.
856 4 0 _uhttps://elibro.net/ereader/usam/51915
999 _c138735
_d138735